00000000nam 2200000za 4500
0019.826937
003CaOODSP
00520221107144711
007cr |||||||||||
008161103s2016    onc|||||o|   f00| 0 eng d
020 |a978-0-660-06710-0
040 |aCaOODSP|beng
043 |an-cn---
0861 |aCS92-143/2016E-PDF
24500|aReference maps and thematic maps, reference guide |h[electronic resource] : |bcensus year 2016.
260 |aOttawa : |bStatistics Canada, |c2016.
300 |a13 p.
500 |aAlso available in French under title: Cartes de référence et cartes thématiques, guide de référence : année de recensement 2016.
500 |a"Release date: November 16, 2016."
69207|2gccst|aCensus
69207|2gccst|aDemographic maps
7102 |aStatistics Canada.
77508|tCartes de référence et cartes thématiques, guide de référence|w(CaOODSP)9.826939
794 |tReference maps and thematic maps, reference guide, 2021 census.|w(CaOODSP)9.907313
85640|qPDF|s235 KB|uhttps://publications.gc.ca/collections/collection_2016/statcan/92-143-g/92-143-g2016001-eng.pdf